Životné jubileum doc. Ing. Jozefa Sedláčka, CSc.

Salvato in:
Dettagli Bibliografici
Autore principale: Máziková, Katarína
Natura: Capitolo di libro
Lingua:slovacco
Tags: Aggiungi Tag
Nessun Tag, puoi essere il primo ad aggiungerne!!

MARC

LEADER 00000naa$a2200000$$$4500
001 0066817
005 20240502071809.4
041 0 |a slo 
044 |a SK 
245 1 0 |a Životné jubileum doc. Ing. Jozefa Sedláčka, CSc.  |c Katarína Máziková 
100 1 |a Máziková, Katarína